[Event "AUTO-INT-3913"]
[Site "http://www.queenalice.com/game.php?id=1860895"]
[Date "2025.7.31"]
[Round "2"]
[White "SamuraiJOM"]
[Black "ajr"]
[Result "1-0"]
[WhiteElo "1663"]
[BlackElo "1671"]

1. e4 c5 2. d4 cxd4 3. Qxd4 a6 4. Nc3 h6 5. Bd2 Nc6 6. Qe3 e5 7. Nf3 Nf6 8. Bc4
Bb4 9. a3 Bxc3 10. Bxc3 d6 11. O-O b5 12. Ba2 Bb7 13. Rad1 Qc7 14. b4 Ne7 15. h3
Nxe4 16. Rd3 Nd5 17. Bxd5 Bxd5 18. Rxd5 Nxc3 19. Rd3 Na4 20. Nh4 g6 21. c3 f5
22. Nxg6 Kf7 23. Nxh8+ Rxh8 24. g3 Ke6 25. h4 Nb6 26. Re1 Nc4 27. Qc1 e4 28. Rd4
d5 29. Qf4 Qxf4 30. gxf4 Nxa3 31. Rd2 Nc4 32. Ra2 Rg8+ 33. Kh1 Ra8 34. Kg2 a5
35. bxa5 Rxa5 36. Rxa5 Nxa5 37. f3 Nc4 38. fxe4 dxe4 39. Kg3 Nd2 40. Rd1 Nb3 41.
Rb1 Nd2 42. Rxb5 e3 43. Re5+ Kf6 44. h5 Ne4+ 45. Kf3 Nxc3 46. Rxe3 Nd5 47. Re8
Kg7 48. Re5 Nf6 49. Rxf5 Nh7 50. Ke4 1-0

[Event "AUTO-INT-3919"]
[Site "http://www.queenalice.com/game.php?id=1863303"]
[Date "2025.9.23"]
[Round "3"]
[White "SGF"]
[Black "SamuraiJOM"]
[Result "1-0"]
[WhiteElo "1771"]
[BlackElo "1699"]

1. e4 e5 2. Qf3 Nf6 3. d3 Bc5 4. Bg5 h6 5. Bxf6 gxf6 6. c3 a5 7. a4 d6 8. h3 Be6
9. Qg3 f5 10. Qg7 Rf8 11. Qxh6 f4 12. f3 Nd7 13. Nd2 Nf6 14. Qh4 d5 15. exd5
Bxd5 16. c4 Bc6 17. Ne4 Bd4 18. Nxf6+ Ke7 19. Nh7+ f6 20. Ne2 Bxb2 21. Rb1 Ba3
22. Nxf8 Qxf8 23. Qh7+ Ke8 24. g4 fxg3 25. Qg6+ Kd8 26. Qxg3 Bb4+ 27. Kf2 Ke7
28. h4 Bc5+ 29. Ke1 Rd8 30. Rd1 Be3 31. h5 Bg5 32. Bg2 Bxa4 33. Ra1 Qe8 34. h6
Bc2 35. h7 Qh8 36. Rxa5 Bf4 37. Nxf4 exf4 38. Qxf4 Rd7 39. Qe4+ Kf7 40. Bf1 c6
41. Qf5 Ke7 42. Bh3 Rd6 43. Kf2 Bxd3 44. Qh5 Bxh7 45. Bf5 Rd2+ 46. Ke3 Rd8 47.
Bxh7 b6 48. Ra7+ Kd6 49. Rd1+ Ke6 50. Qf5# 1-0